Comparable evidence in real estate valuation (Record no. 121128)

MARC details
000 -LEADER
fixed length control field 01087nam a2200205 4500
001 - CONTROL NUMBER
control field K121128
008 - FIXED-LENGTH DATA ELEMENTS--GENERAL INFORMATION
fixed length control field 191011b2019 ||||| |||| 00| 0 eng d
020 ## - INTERNATIONAL STANDARD BOOK NUMBER
ISBN 9781783213733
041 ## - LANGUAGE CODE
Language code of text/sound track or separate title eng
245 ## - TITLE STATEMENT
Title Comparable evidence in real estate valuation
260 ## - PUBLICATION INFORMATION
Place of publication London
Publisher RICS
Date 2019
490 ## - SERIES TITLE
Series statement RICS professional standards and guidance, global
520 ## - ABSTRACT
Abstract Examines the use of comparable evidence in the valuation of the principal types of real estate asset. It does not discuss comparable evidence in the valuation of plant and equipment and other business assets, or personal property, but many of the principles described are also relevant to the valuation of these asset types. Supersedes Comparable evidence in property valuation 9781842196847.<br/>
650 ## - KEYWORDS
Keywords Comparable evidence
650 ## - KEYWORDS
Keywords Real estate
651 ## - SUBJECT ADDED ENTRY--GEOGRAPHIC NAME
Geographic name International
690 ## - BROAD SUBJECT
9 (RLIN) 6273
Broad subject Valuation
856 ## - ONLINE RESOURCE
Uniform Resource Identifier <a href="https://www.rics.org/profession-standards/rics-standards-and-guidance/sector-standards/valuation-standards/comparable-evidence-in-real-estate-valuation">https://www.rics.org/profession-standards/rics-standards-and-guidance/sector-standards/valuation-standards/comparable-evidence-in-real-estate-valuation</a>
Public note Available on RICS.org
942 ## - ADDED ENTRY ELEMENTS (KOHA)
Suppress in OPAC Do not suppress in OPAC
Holdings
Lost status Source of classification or shelving scheme Damaged status Not for loan Home library Current library Shelving location Date acquired Total Checkouts Full call number Date last seen Price effective from Koha item type
  Dewey Decimal Classification     Virtual Virtual Online 11/10/2019   ONLINE PUBLICATION 01/02/2024 11/10/2019 Online material